000 00291nam a22001337a 4500
008 170823b xxu||||| |||| 00| 0 eng d
020 _a0393093670
041 _aeng
080 _a51
100 _a38
101 _aMAT
245 _aDIV GRAD CURL AND THAT
_cDCHEY.H.M
942 _2udc
_cBK
999 _c24712
_d24712